000 00462nam a2200157 i 4500
001 80127
003 ES-MaACL
005 20230906174133.0
007 t|
008 041026s1931 gw ||||1| ger d
100 1 _aHickmann, Anton Leo (
_d1834-1906)
_963555
245 1 0 _aProf. Hickmann's Geographisch-statistischer universal-atlas, 1930/31.
260 _aWien :
_bG. Freytag & Berndt a.g.,
_c[1931]
300 _a196 p. ;
_c18 cm.
852 _aES-MaACL
_jB-12637
999 _c80127
_d80127